| 000 | 01210cam a22003011i 4500 | ||
|---|---|---|---|
| 003 | SA_RiAUC | ||
| 005 | 20250407064515.0 | ||
| 008 | 250406s2011____ua o g 000 0dara c | ||
| 020 | _a9789753153799 | ||
| 040 |
_aSA-RiIMS _bara _cSA-RiAUC _erda |
||
| 041 | 1 |
_aara _hund |
|
| 043 | _aa-su--- | ||
| 082 | 0 | 4 | _a385.09531 |
| 090 |
_a385.09531 _bهـ و ل |
||
| 100 | 1 |
_aهولاكو، متين _eمؤلف. |
|
| 245 | 1 | 2 |
_aالخط الحديدي الحجازي : _bالمشروع العملاق للسلطان عبد الحميد الثاني / _cتأليف متين هولاكو ؛ ترجمة محمد صواش. |
| 250 | _aالطبعة الأولى. | ||
| 264 | 1 |
_aالقاهرة : _bدار النيل، _c2011 |
|
| 300 |
_a273 صفحة : _bصور ؛ _c22 سم |
||
| 336 |
_aنص _btxt _2rdacontent _3كتاب |
||
| 337 |
_aبدون وسيط _bn _2rdamedia |
||
| 338 |
_aمجلد _bnc _2rdacarrier |
||
| 600 | 0 | 7 |
_aعبد الحميد _bالثاني، _cالسلطان، _d1258-1336 هجري _2aucnm |
| 650 | 7 |
_aالسكك الحديدية _zالسعودية _zالحجاز _xتاريخ _2aucsh |
|
| 700 | 1 |
_aصواش، محمد _eمترجم. |
|
| 942 |
_2ddc _cBOOK _n0 |
||
| 949 |
_aSA-JeALM _d250406 _uosman123 _n1 |
||
| 999 |
_c6715 _d6715 |
||